000 00822nam a2200205 a 4500
003 0
005 20250424100207.0
008 970114s19uu xx 00 eng d
050 _aPGS LB 1065
_b.H249 2003
100 _aHansen, Kenith C.
245 _aA study on the time management of selected grade six students of SISC on PASS research preparation /
_cKenith C. Hansen.
260 _aLas PiƱas City, Philippines :
_bSouthville International School and Colleges,
_c2003.
300 _a30 pages :
_billustrations ;
_c28 cm.
504 _aIncludes bibliographical references.
650 _aTime management
_vStudy and teaching (Elementary).
650 _aStudy skills
_vElementary school students.
650 _aResearch
_vStudy and teaching (Elementary).
650 _a Sixth grade (Education).
942 _2lcc
_cPASS
999 _c96869
_d96869